One Piece - Quiz Personnages #4 - Statistiques

Statistiques générales
  • Ce quiz a été pris 206 fois
  • Le résultat moyen est 14 sur 16
Statistiques - réponses
Par images Réponse % Correct
Ace
99%
Kidd
96%
Kuma
96%
Fujitora
93%
X Drake
92%
Bellamy
90%
Koala
90%
Wapol
90%
Cracker
89%
Tashigi
89%
Don Krieg
88%
Monet
83%
Lucky Roo
77%
Lao G
70%
Pauly
69%
Daz Bones
68%
Aucun quiz correspondant
Distribution des résultats
% des personnes avec chaque résultat
Percentile par nombre de réponses
Votre historique - résultats
Vous n’avez pas pris ce quiz